Statistics for Most Famous Controversial Movies Quiz!

Click here to take the quiz!

General Stats

  • This quiz has been taken 28 times
  • The average score is 6 of 15

Answer Stats

YearMovieControversy% Correct
2006BoratSupposed racism against the Kazakhstani people
65%
1978The Deer HunterFor having Russian roulette scenes
65%
2004The Passion of the ChristIncredibly gruesome portrayal of Jesus' crucifixion
61%
1971A Clockwork OrangeDeemed too violent
57%
1962LolitaMain character is a pedophile
57%
2014The InterviewNorth Korea hates this film
57%
1994Natural Born KillersSupposedly glorified serial killers
48%
1987Full Metal JacketVietnam War content
43%
1980The Blue LagoonThe two main characters are naked the whole time
39%
1999Eyes Wide ShutExplicit nudity and sexual content
35%
2015Fifty Shades of GreyExplicit nudity and sexual content
22%
2000Requiem For A DreamA lot of drug content and has a disturbing sex scene
22%
2000Battle RoyaleExtreme violence with teenagers involved
9%
1998American History XExtremely violent and a incredibly sad ending
4%
2018The House That Jack BuiltAnimal cruelty (an actual animal was murdered)
4%

Score Distribution

Percentile by Number Answered

Percent of People with Each Score

Your Score History

You have not taken this quiz